<?xml version="1.0" encoding="UTF-8"?>
<marc:record xmlns:marc="http://www.loc.gov/MARC21/slim">
   <marc:leader>00000nam a2200000 a 4500</marc:leader>
   <marc:datafield ind1="1" ind2=" " tag="100">
      <marc:subfield code="a">Müller, Hilke</marc:subfield>
      <marc:subfield code="4">aut</marc:subfield>
      <marc:subfield code="e">Verfasser/-in</marc:subfield>
   </marc:datafield>
   <marc:datafield ind1="0" ind2="0" tag="245">
      <marc:subfield code="a">Die Tochter des Gerbers</marc:subfield>
   </marc:datafield>
   <marc:datafield ind1="0" ind2="0" tag="245">
      <marc:subfield code="c">Müller, Hilke</marc:subfield>
   </marc:datafield>
   <marc:datafield ind1=" " ind2="1" tag="264">
      <marc:subfield code="c">2010</marc:subfield>
   </marc:datafield>
   <marc:datafield ind1=" " ind2=" " tag="250">
      <marc:subfield code="a">1. Auflage</marc:subfield>
   </marc:datafield>
   <marc:datafield ind1="1" ind2=" " tag="520">
      <marc:subfield code="a">Die junge Arlette scheint das Glückskind der Gerberfamilie Fulbert zu sein. Sie ist nicht nur ungewöhnlich hübsch, sondern zudem klug und ehrgeizig. Doch als sie von einem Adeligen vergewaltigt und schwanger wird, fällt sie tief. Sie wird als Hure verschrien und mit Verachtung gestraft. Beschämt weist Arlette den Annäherungsversuch eines jungen Ritters ab, der sie bewundert. Noch ahnt sie nicht, dass Herluin de Conteville in einigen Jahren ihr Ehemann und die große Liebe ihres Lebens sein wird. Auch wenn ihr berühmtester Sohn, Wilhelm der Eroberer, von einem anderen stammt: von Robert, dem Herzog der Normandie ...</marc:subfield>
   </marc:datafield>
   <marc:datafield ind1=" " ind2=" " tag="041">
      <marc:subfield code="a">ger</marc:subfield>
   </marc:datafield>
   <marc:datafield ind1=" " ind2=" " tag="300">
      <marc:subfield code="a">607 Seiten</marc:subfield>
   </marc:datafield>
</marc:record>
